[Event "PUR-ch"]
[Site "San Juan"]
[Date "2023.09.03"]
[Round "8"]
[White "Kiess Alfonso, Erwin S"]
[Black "Cintron Rivera, Jaime"]
[Result "1-0"]
[WhiteElo "1342"]
[BlackElo "1454"]
[PlyCount "83"]
[EventDate "2023.08.25"]
[EventType "swiss"]
[EventRounds "9"]
[EventCountry "PUR"]
[SourceTitle "EXT 2024"]
[Source "ChessBase"]
[SourceDate "2023.10.10"]
[SourceVersion "1"]
[SourceVersionDate "2023.10.10"]
[SourceQuality "1"]

1. d4 Nf6 2. Nf3 e6 3. Bg5 Be7 4. Nbd2 d5 5. e3 0-0 6. Bd3 b6 7. Ne5 Bb7 8. Qf3 Nbd7 9. Qh3 Nxe5 10. dxe5 Ne4 11. Bh6 gxh6 12. f3 Kh8 13. fxe4 d4 14. exd4 Qxd4 15. 0-0-0 Bg5 16. Qg3 Rg8 17. Qf3 Rg7 18. h4 Be7 19. Qf4 Rd8 20. g4 b5 21. Nf3 Qa4 22. Kb1 c5 23. g5 h5 24. c3 Bd5 25. a3 c4 26. Bc2 Qa5 27. exd5 Bxa3 28. dxe6 b4 29. Rxd8+ Qxd8 30. exf7 b3 31. f8Q+ Bxf8 32. Bxh7 Rd7 33. Qf6+ Qxf6 34. exf6 Rxh7 35. Re1 Rd7 36. Kc1 Bd6 37. Re8+ Kh7 38. Ne5 Bxe5 39. Rxe5 Kg6 40. Re7 Rd3 41. Rg7+ Kf5 42. f7 1-0